Datum a čas kvízu

25 Celkem bodů Celkový počet nahraných bodů na tomto kvízu bez doplňovacích otázek.
7. Pořadí na kvízu Konečné umístění týmu na tomto kvízu.

Zaznamenané odpovědi

# Otázka Odpověď Body Výsledky
1. Minulý týden připravili pracov... D) šaliny 0
2. Konverzační robot umělé inteli... Adolfa Hitlera 1
3. Po několika týdnech dohadování... Rubicon 0
4. Evropská unie definitivně schv... Bulharsko 1
5. V pátek se v Monaku konal dalš... skok vysoký 1
6. Tento snímek pochází z národní... Žofínský prales 0
7. Rejvíz je národní přírodní rez... A) Jeseníků 1
8. Tuto přírodní rezervaci najdem... Prachovské skály 0
9. Nyní se podíváme na nejhlubší... Hranická 0
10. Nesmíme opomenout Národní park... C) Kamenice 1